000 01452cam a2200349 i 4500
001 41157
003 Mx-PuUPA
005 20250328154434.0
008 140415s2023 sp gr 001 0 spa d
017 _aM-34.664-2023
020 _a9788497155717
040 _aMx-PuUPA
_bspa
_cMx-PuUPA
_dMx-PuUPA
_erda
041 1 _aspa
_hund
100 0 _aJohn Chrysostom,
_cSaint,
_d-407
_eautor
_916672
245 1 0 _aHomilías sobre las críticas 1-2, Tito y Filemón /
_cJuan Crisóstomo ; introducción, traducción y notas de Marcelo Merino Rodríguez
250 _a1a edición /
_bdiciembre
260 _aMEXICO :
_bHILDA CAMACHO HUERTA,
_c2000.
264 1 _aMadrid, España :
_bEditorial Ciudad Nueva,
_c2023
300 _a633 páginas ;
_c21 cm
336 _2rdacontent
_atexto
_btxt
337 _2rdamedia
_asin medio
_bn
338 _2rdacarrier
_avolumen
_bnc
490 0 _aBiblioteca de Patrística ;
_v128
650 7 _2armarc
_aBiblia
_xNuevo testamento
_xEpístolas a Timoteo
_vCrítica, interpretación, etc.
650 7 _2armarc
_aBiblia
_xNuevo Testamento
_xFilemón
_vCrítica, interpretación, etc.
650 7 _2armarc
_aBiblia
_xNuevo Testamento
_xTito
_vCrítica, interpretación, etc.
700 1 _aMerino Rodríguez, Marcelo,
_etraductor
_eautor de introducción y notas
942 _2ddc
_cLI
_h225.601
_iJ5218
999 _c41157
_d41157